|
|
|
|
| LEADER |
01495nam a22004214a 4500 |
| 001 |
EBC3338549 |
| 003 |
MiAaPQ |
| 005 |
20200520144314.0 |
| 006 |
m o d | |
| 007 |
cr cn||||||||| |
| 008 |
060118s2006 maua sb 001 0 eng |
| 010 |
|
|
|z 2006041955
|
| 015 |
|
|
|a GBA647608
|2 bnb
|
| 016 |
7 |
|
|z 013469824
|2 Uk
|
| 020 |
|
|
|z 0262232561 (alk. paper)
|
| 020 |
|
|
|z 9780262232562 (alk. paper)
|
| 035 |
|
|
|a (MiAaPQ)EBC3338549
|
| 035 |
|
|
|a (Au-PeEL)EBL3338549
|
| 035 |
|
|
|a (CaPaEBR)ebr10173605
|
| 035 |
|
|
|a (CaONFJC)MIL209747
|
| 035 |
|
|
|a (OCoLC)70827484
|
| 040 |
|
|
|a MiAaPQ
|c MiAaPQ
|d MiAaPQ
|
| 043 |
|
|
|a n-us---
|
| 050 |
|
4 |
|a HD2758.5
|b .W45 2006
|
| 082 |
0 |
4 |
|a 338.8/20973
|2 22
|
| 084 |
|
|
|a 83.32
|2 bcl
|
| 100 |
1 |
|
|a Whinston, Michael Dennis.
|
| 245 |
1 |
0 |
|a Lectures on antitrust economics
|h [electronic resource] /
|c Michael D. Whinston.
|
| 260 |
|
|
|a Cambridge, Mass. :
|b MIT Press,
|c c2006.
|
| 300 |
|
|
|a xii, 249 p. :
|b ill.
|
| 490 |
1 |
|
|a Cairoli lecture series
|
| 504 |
|
|
|a Includes bibliographical references (p. [221]-234) and index.
|
| 533 |
|
|
|a Electronic reproduction. Ann Arbor, MI : ProQuest, 2015. Available via World Wide Web. Access may be limited to ProQuest affiliated libraries.
|
| 650 |
|
0 |
|a Antitrust law
|x Economic aspects
|z United States.
|
| 655 |
|
4 |
|a Electronic books.
|
| 710 |
2 |
|
|a ProQuest (Firm)
|
| 830 |
|
0 |
|a Cairoli lecture series.
|
| 856 |
4 |
0 |
|u https://ebookcentral.proquest.com/lib/matrademy/detail.action?docID=3338549
|z Click to View
|